| 000 | 00693nam a2200229 a 4500 | ||
|---|---|---|---|
| 005 | 20180803165426.0 | ||
| 008 | 140217b2009 ck ||||| |||| 00| 0 spa d | ||
| 040 |
_aCO-BoIAVH _cCO-BoIAVH |
||
| 041 | _aspa | ||
| 044 | _ack | ||
| 090 |
_aIAVH _b01377 |
||
| 100 |
_aChica Muñoz, Janis Biviana _96252 |
||
| 245 |
_aImplementacion del Plan de manejo del PNR Páramo del Duende _bInforme final |
||
| 260 |
_aBogotá _bIAVH _c2009 |
||
| 300 | _a73 p. | ||
| 650 |
_aPlanes de Manejo _931358 |
||
| 650 |
_aCapacitación _992246 |
||
| 650 |
_aEcosistemas de páramos _96255 |
||
| 650 |
_aConservación de ecosistemas _931360 |
||
| 662 |
_cPáramo del Duende _bValle del Cauca |
||
| 942 |
_cINFORME _2z |
||
| 999 |
_c7109 _d7109 |
||